000 00601nam a2200193Ia 4500
003 GCL
008 140319s9999 xx 000 0 ara d
040 _aGCL /
_cGCL
082 0 4 _a398.23
_bم ح
100 1 _aميلاد المغربى
245 1 0 _aاغرب من الخيال /
_cميلاد المغربى
260 _a[S.N] :
_bدار الحسام للطباعة والنشر ،
_c1990
300 _a144 ص
490 _aحول العالم
_v0
650 0 4 _aالقصص العربية
650 0 4 _aالمترجمات
650 0 4 _aالقصص العربية القصيرة
942 _2ddc
_cBK
999 _c56679
_d56679